000 00588nam a2200205Ia 4500
005 20250508165652.0
008 008 250505s9999 xx 000 0 eng d
037 _aTextual
040 _aFEDL
_beng
_cFEDL
041 _aeng
_2eng
084 _a530, WEA
_qFEDL
100 _aWeaver Jefferson Hane
245 0 _aWorld of Physics : a small library of physics from antiquity to the presents
260 _aNew York, USA
_bSimon and Schuster
_c1987
300 _a889p.
365 _aUSD
_b29.95
490 _vVol.1
942 _cTEXL
_h530, WEA
999 _c1396636
_d1396636